01270nmm a2200325 a 4500003000900000005001700009008004100026040001300067100002600080245011400106260010900220300002300329500003200352500003800384500013300422500006500555504005100620650004700671650002700718650002000745650002600765650002300791650002500814651001900839651001600858651001300874651001400887653002100901653002200922AR-BaBNM20251128205136.0146119s1947 ||||||||||||||000 | spa|| cAR-BaBNM1 aNieto, Manuel Hidalgo10aLa cuestión de las Malvinasbcontribución al estudio de las relaciones hispano-inglesas en el siglo XVIII aMadridbConsejo Superior de Investigaciones Científicas. Instituto Gonzalo Fernández de Oviedoc19470 a762 p.bil., mapas0 aContiene mapas desplegables0 aApéndice documental: p. 579-6770 aIndice cronológico de tratados y convenios internacionales relativos a la América Española citados en el texto: p. 687-6911 aIndice onomástico de personas, cosas y lugares: p. 701-751 aIndice de autores y bibliografía: p. 693-699 4aHISTORIA DE LAS RELACIONES INTERNACIONALES 4aRELACIONES BILATERALES 4aSIGLO DIECIOCHO 4aMISIONES DIPLOMATICAS 4aHISTORIA ARGENTINA 4aCONQUISTA DE AMERICA 4aIslas Malvinas 4aReino Unido 4aEspaña 4aArgentina 0aHISTORIA INGLESA 0aHISTORIA ESPANOLA